The language of work

Saved in:
Bibliographic Details
Main Author Koester, Almut (Author)
Format Book
LanguageEnglish
Published London : Routledge, 2004
Edition1st ed.
SeriesIntertext
Subjects
ISBN0415307309
0-415-30729-5
Physical Description124 s. : il. ; 25 cm

Cover

LEADER 00000cam a22000007a 4500
001 23920
003 CZ-ZlUTB
005 20190825234602.0
007 ta
008 050830s2004 xxka er 001 0 eng d
020 |a 0415307309  |q (brož.) 
020 |a 0-415-30729-5  |q (váz.) 
040 |a DLC  |b cze  |c DLC  |d ZLD002 
072 7 |a 811.111  |x Angličtina  |2 Konspekt  |9 11 
080 |a (075)  |2 MRF 
080 |a 316.772.4  |2 MRF 
080 |a 811.111  |2 MRF 
080 |a 81’373.46  |2 MRF 
080 |a 81’24’373.46  |2 MRF 
100 1 |a Koester, Almut  |7 xx0149743  |4 aut 
245 1 4 |a The language of work /  |c Almut Koester 
250 |a 1st ed. 
260 |a London :  |b Routledge,  |c 2004 
300 |a 124 s. :  |b il. ;  |c 25 cm 
490 1 |a Intertext 
650 0 7 |a angličtina  |7 ph114056  |2 czenas 
650 0 7 |a oborová konverzace  |7 ph166080  |2 czenas 
650 0 7 |a oborová terminologie  |7 ph138998  |2 czenas 
650 0 7 |a interpersonální komunikace  |7 ph121153  |2 czenas 
655 7 |a učebnice  |7 fd133770  |2 czenas 
830 0 |a Intertext  |0 s 
910 |a ZLD002 
952 |0 2  |1 0  |4 0  |6 8020KOESTERA  |7 0  |8 BOOK  |9 44677  |a UTBZL  |b UTBZL  |c 005  |d 2006-07-29  |l 0  |o 802.0/KOESTER,A.  |p 420010094032  |r 2019-08-25 00:00:00  |w 2019-08-25  |x N:nákup | 20100831  |y 01 
952 |0 2  |1 0  |4 0  |6 8020KOESTERA  |7 0  |8 BOOK  |9 44678  |a UTBZL  |b UTBZL  |c 006  |d 2008-02-19  |l 2  |o 802.0/KOESTER,A.  |p 420010113696  |r 2021-12-07 00:00:00  |s 2021-10-29  |v 620.00  |w 2019-08-25  |x N:nákup | 20100831  |y 04 
952 |0 0  |1 0  |4 0  |6 8020KOESTERA  |7 0  |8 BOOK  |9 44679  |a UTBZL  |b UTBZL  |c 030  |d 2008-10-29  |l 0  |o 802.0/KOESTER,A.  |p 420010119604  |r 2019-08-25 00:00:00  |v 556.00  |w 2019-08-25  |x N:nákup; | 20100831  |y 05 
992 |a BK  |b SK  |d 1 
999 |c 23920  |d 23920